Statistics for Once Upon A Time Season 2 Trivia

Click here to take the quiz!

General Stats

  • This quiz has been taken 434 times
  • The average score is 12 of 22

Answer Stats

EpisodeQuestionAnswer% Correct
BrokenWho has introduced magic to the town?Rumplestiltskin
84%
Queen of HeartsWho is revealed as the Queen of Hearts?Cora
79%
Child of the MoonWho fears turning into a wolf during the first curse-free full moon?Ruby
75%
The Miller's DaughterWhat does Rumplestiltskin teach Cora to spin straw into?Gold
74%
TallahasseeWho is the fellow thief that Emma meets while stealing a car?Neal Cassidy
74%
LaceyWho believes that their name is Lacey after crossing the town line by accident?Belle
71%
The DoctorWho pretends to be a survivor in a massacre in a village in the Enchanted Forest?Hook
70%
The OutsiderWho does Belle meet in fairytale land on a quest to slay the Yaoguai?Mulan
67%
In the Name of the Brother`When a stranger is involved in a car crash when entering Storybrooke, what do the townspeople fear he has seen?Magic
66%
TinyWhat is the name of the giant who climbs down the beanstalk in an attempt to befriend humans?Anton
62%
Welcome to StorybrookeWho devises a plan to put an end to magic?Henry
59%
The CrocodileWho does Rumplestiltskin fight Killian Jones for, before he is the dark one?Milah
56%
The Cricket GameWho is Regina accused of murdering by the townspeople?Archie Hopper
52%
The Evil QueenWhich new character does Emma grow suspicious about?Tamara
48%
The Queen Is DeadOn what day does Queen Eva fall ill?Snow White's birthday
44%
Into the DeepWhat is Cora trying to steal from Mary Margaret and Emma?A compass
42%
And Straight On 'Til MorningGreg and Tamara detonate Regina's trigger which is in the form of a what?A diamond
36%
Lady of the LakeAlong with Mulan and Aurora, who else aids Mary Margaret and Emma in the search for a portal back home?Lancelot
35%
Second Star to the RightWhich family does Baelfire end up with after falling through a portal without his father?The Darlings
32%
ManhattanWhen Mr Gold's son turns out the be Neal Cassidy, what is discovered about his relation to Henry?He is his father
29%
We Are BothWho discovers what happens when the town line is crossed?The dwarves
16%
Selfless, Brave and TrueWhat island is August on at the beginning of the episode?Phuket
10%

Score Distribution

Percentile by Number Answered

Percent of People with Each Score

Your Score History

You have not taken this quiz